000 00283nam a22001337a 4500
008 170822b xxu||||| |||| 00| 0 eng d
020 _a0704114602
041 _aeng
080 _a51
100 _a37
101 _aMAT
245 _aBOOLEAN ALGEBRA
_cMENDELSON.E
942 _2udc
_cBK
999 _c24460
_d24460